Rosco de Pasapalabra #31 - Estadísticas

Estadísticas generales
  • Esta prueba ha sido intentada 448 veces
  • La puntuación promedio es 13 de 25
Estadísticas de respuestas
Inicial Definición Respuesta % Correcto
E Establecimiento público donde se da a los niños la instrucción primaria Escuela
98%
C Conjunto de personas que cantan simultáneamente una pieza musical o parte de ella Coro
97%
A Promocionar a alguien a un cargo o categoría superior Ascender
91%
N Pronombre indefinido que equivale a ninguna persona Nadie
87%
H Pasar los animales el invierno en estado de letargo Hibernar
85%
D Trozo de tela con un número, que llevan a la espalda los participantes en muchos deportes Dorsal
83%
G Actividad destinada a desarrollar, fortalecer y mantener en buen estado el cuerpo por medio de ejercicios Gimnasia
82%
B Ruina económica Bancarrota
79%
O Se dice del ángulo mayor que uno recto pero menor que uno llano Obtuso
76%
L Pliegue que se forma en el cuerpo por acumulación de grasa, especialmente en la cintura Lorza
64%
I Falta de cuidado y diligencia en llegar a un lugar o partir de él a la hora convenida Impuntualidad
57%
R Agujero o desgarrón en la ropa o en un tejido Roto
56%
U En un deporte, persona que se ocupa del material de los jugadores Utillero
54%
Contiene la Y Título de la película de 1976 con Sylvester Stallone en el papel de un boxeador originario de Filadelfia Rocky
52%
S Actitud de la persona que conduce un asunto con excesivo secreto Secretismo
51%
P Interjección que se utiliza repetida para llamar a las gallinas Pitas
47%
Contiene la Ñ Engaño hábil con que se consigue una cosa Artimaña
37%
V Puente construido sobre una depresión del terreno para el paso de un camino o carretera o del ferrocarril Viaducto
34%
Q Lámpara de mesa alimentada con petróleo y provista de un tubo de cristal que resguarda la llama Quinque
20%
J Viga maestra Jácena
7%
Contiene la X Que no admite discusión Taxativo
5%
Z Látigo con que se castiga, el cual suele ser de cuero, cordel o cosa semejante Zurriago
3%
F Apellido del fotógrafo autor de la serie 'Karasu', formada por imágenes de cuervos que recopiló en un libro Fukase
2%
T Árbol de las islas Canarias, cuya madera, muy ligera y poco porosa, se usa para tapones de cubas y barriles Tabaiba
2%
M Nombre que reciben los estrechos que conectan los lagos Míchigan y Hurón, en el norte de Estados Unidos Mackinac
1%
No se encontraron pruebas coincidentes
Distribución de puntuación
Porcentaje de gente con cada puntuación
Porcentaje por número respondido
Historial de tus puntuaciones
No has intentado esta prueba.